Biggest Football Stadiums in the World - Statistics

General Stats
  • This quiz has been taken 38 times
  • The average score is 6 of 20
Answer Stats
# Country Stadium Capacity % Correct
2. Camp Nou 99,354
84%
6. Wembley Stadium 90,000
81%
10. Estadio Santiago Bernabéu 85,000
55%
18. San Siro Stadio / Stadio Giuseppe Meazza 80,018
45%
20. Estádio do Maracanã 78,838
39%
3. Estadio Azteca 95,500
35%
13. Westfalenstadion 81,365
35%
14. Stade de France 80,698
32%
1. Rungrado 1st of May Stadium 114,000
26%
7. Lusail Stadium 88,966
23%
15. Luzhniki Stadium 78,011
23%
4. FNB Stadium 94,736
19%
11. Estadio Mâs Monumental 84,567
16%
12. Stadion Internasional Jakarta 82,000
10%
9. Borg El Arab Stadium 86,000
6%
8. Bukit Jalil National Stadium 87,411
6%
17. Estadio Monumental 80,093
6%
5. New Administrative Capital Stadium 93,940
6%
19. Stade des Martyrs de la Pentecôte 80,000
3%
16. Stadium Shah Alam 80,372
3%
No matching quizzes found
Score Distribution
Percent of People with Each Score
Percentile by Number Answered
Your Score History
You have not taken this quiz